Loading...
| History - American | 2 | 2 | 0 | 0 | 50 | 52 | 88.00 | 1 | 2 | 8.05 | 18.13 |
| History - World | 2 | 2 | 0 | 0 | 50 | 36 | 81.50 | 2 | 3 | 9.47 | 21.35 |
| Beliefs | 2 | 2 | 1 | 1 | 45 | 57 | 81.00 | 1 | 4 | 6.75 | 15.34 |
| Social Science | 1 | 3 | 1 | 1 | 40 | 48 | 94.50 | 1 | 1 | 4.23 | 8.85 |
| History - European | 0 | 2 | 0 | 0 | 20 | 88 | 103.50 | 1 | 2 | 2.60 | 11.88 |
| History - Other | 1 | 1 | 1 | 1 | 20 | 81 | 86.50 | 2 | 2 | 10.19 | 28.57 |
| Geography | 0 | 2 | 0 | 0 | 20 | 93 | 108.00 | 1 | 1 | 13.41 | 40.00 |
| Modern World | 1 | 0 | 0 | 0 | 15 | 27 | 27.00 | 1 | 1 | 15.61 | 20.00 |
| Fine Arts - Other Arts | 0 | 1 | 0 | 0 | 10 | 92 | 92.00 | 0 | 0 | 2.36 | 3.75 |
| History - Ancient | 0 | 0 | 0 | 0 | 0 | 0.00 | 0 | 0 | 0.00 | 0.00 |